Footprint focus Panama handbook.
| Main Author: | |
|---|---|
| Format: | Book |
| Published: |
Bath, UK:
Footprint,
2012.
|
| Subjects: |
| LEADER | 00426cam a2200157 7i4500 | ||
|---|---|---|---|
| 001 | 0000029153 | ||
| 005 | 20130926090000.0 | ||
| 020 | 0 | 0 | |a 9781907263507 |
| 090 | 0 | 0 | |a PANR 910.202 |b ARG |
| 100 | 1 | 0 | |a Arghiris |
| 245 | 1 | 0 | |a Footprint focus Panama handbook. |
| 260 | 0 | 0 | |a Bath, UK: |b Footprint, |c 2012. |
| 300 | # | # | |a 320 p. |
| 650 | 0 | 0 | |a Panama -- |x Guidebooks |
| 651 | 0 | 0 | |a Panama |
| 999 | |a B000032663 |b Book |c Countries |e Business Information Centre | ||


